000 00283nam a2200109Ia 4500
008 190914s9999||||xx |||||||||||||| ||und||
100 _aBorgna Brunner
245 0 _aTime Almanac 2004 : With Information Please
260 _aNew Delhi
_bBantam Books
_c2001
300 _a264
942 _cBK
999 _c9069
_d9069